Legend of Zelda: Wind Waker Figurines - Statistics

General Stats
  • This quiz has been taken 59 times
  • The average score is 35 of 134
Answer Stats
Answer % Correct
Link & King of Red Lions
92%
Tetra
89%
Deku Tree
84%
Grandma
84%
Moblin
81%
Aryll
78%
Ganondorf
78%
Makar
78%
Phantom Ganon
78%
Princess Zelda
78%
Puppet Ganon
78%
Bokoblin
73%
Medli
73%
Valoo
68%
ChuChu
62%
Gohma
62%
Molgera
62%
Darknut
59%
Darknut (w/Shield)
59%
Mighty Darknut
59%
Keese
57%
Tingle
57%
Jabun
51%
Niko
51%
Helmaroc King
46%
Seagull
46%
Great Fairy
43%
Kalle Demos
43%
Blue Wizzrobe
41%
Poe
41%
Red Wizzrobe
41%
Fairy
38%
Fairy Queen
38%
Knuckle
38%
Miniblin
38%
Peahat
38%
Gohdan
35%
Gonzo
35%
Jalhalla
35%
Killer Bees
35%
Orca
35%
Pig
35%
Ankle
32%
Beedle
32%
King of Hyrule
32%
Maggie
32%
Mothula
32%
Prince Komali
32%
Octorok
30%
Stalfos
30%
Armos
27%
David Jr.
27%
Redead
27%
Zunari
27%
Crab
24%
Fado
24%
Quill
24%
Rat
24%
Armos Knight
22%
Laruto
22%
Seahat
22%
Floor Master
19%
Gummy
19%
Lenzo
19%
Mako
19%
Mila
19%
Zephos & Cyclos
19%
Zuko
19%
Anton
16%
Big Octo
16%
Boko Baba
16%
Fishman
16%
Linda
16%
Maggie's Father
16%
Magtail
16%
Ms. Marie
16%
Salvatore
16%
Gyorg
14%
Sturgeon
14%
Sue-Belle
14%
Zill
14%
Gossack
11%
Kamo
11%
Mila's Father
11%
Missy
11%
Morth
11%
Old Man Ho Ho
11%
Abe
8%
Baito
8%
Bubbles
8%
Candy
8%
Chieftain
8%
Garrickson
8%
Hollo
8%
Kogoli
8%
Linder
8%
Manny
8%
Minenco
8%
Pompie & Vera
8%
Sam
8%
Cannon
5%
Doc Bandam
5%
Joel
5%
Kargorok
5%
Mesa
5%
Olivio
5%
rose
5%
Salvage Corp
5%
Tott
5%
Willi
5%
Basht & Bisht
3%
Drona
3%
Elma
3%
Gillian
3%
Hoskit
3%
Loot
3%
Namali
3%
Oaken
3%
Rown
3%
Skett & Akoot
3%
Wandering Merchant
3%
Aldo
0%
Carlvo
0%
Dampa
0%
Ilari
0%
Irch
0%
Kane
0%
Koboli
0%
Kreeb
0%
Nudge
0%
Obli
0%
Pashli
0%
Potova & Joanna
0%
Senza
0%
No matching quizzes found
Score Distribution
Percent of People with Each Score
Percentile by Number Answered
Your Score History
You have not taken this quiz